Deutsche Vereine nach Instagram Followern - Sudden Death - Statistiken

Allgemein
  • Dieses Quiz wurde 1.318 mal gespielt
  • Das Durchschnittsergebnis liegt bei 7 aus 15
Answers on the Grid
Answers color-coded by a green-red scale on the quiz's grid according to % correct below.
1.FC Kaiserslautern
1.FC Köln
1.FC Nürnberg
1.FC Union Berlin
1.FSV Mainz 05
Bayer 04 Leverkusen
Borussia Dortmund
Borussia Mönchengladbach
Delay Sports Berlin
DSC Arminia Bielefeld
Eintracht Frankfurt
FC Augsburg
FC Bayern München
FC Hansa Rostock
FC Schalke 04
FC St.Pauli
Fortuna Düsseldorf
Hamburger SV
Hannover 96
Hertha BSC
Karlsruher SC
Rattenball Leipzig
SC Freiburg
SG Dynamo Dresden
SV Werder Bremen
TSG Hoffenheim
TSV 1860 München
VFB Stuttgart
VFL Bochum
VFL Wolfsburg
 
Antwortstatistiken
Antwort % Korrekt
FC Bayern München
81%
Borussia Dortmund
79%
FC Schalke 04
65%
Hamburger SV
61%
Eintracht Frankfurt
59%
1.FC Köln
58%
VFB Stuttgart
50%
Bayer 04 Leverkusen
49%
Borussia Mönchengladbach
47%
Delay Sports Berlin
40%
SV Werder Bremen
33%
Rattenball Leipzig
16%
SC Freiburg
8%
VFL Wolfsburg
7%
TSG Hoffenheim
3%
Keine übereinstimmenden Quizze gefunden
Verteilung der Resultate
Anzahl Personen mit jedem Resultat
Perzentil nach korrekt beantworteten Fragen
Ihre Resultats-Entwicklung
Sie haben dieses Quiz noch nicht gespielt